000 007650000a22002290004500
020 _a84-7645-537-2
082 0 4 _aG 299.93 A694n
100 1 _aAgudo, Juan Maria
245 1 0 _aNueva Era : la conspiración final / Juan Maria Agudo
260 _aBarcelona, España : Clie
300 _a210 p.
500 _aIncluye glosario de términos
501 _arústico
504 _aIncluye referencias bibliográficas (Páginas 206-213)
505 0 0 _a¿Qué es la nueva era? - ¿Cuándo y cómo nace la Nueva Era? - Los6 pilares de la creencia Nueva Era
650 1 4 _aCRISTIANISMO Y POSMODERNIDAD \ RELIGIONES
001 18244
942 _cBK
999 _c44708
_d44708
336 _atexto
_btxt
_2rdacontent
337 _2rdamedia
_asin mediación
_bn
338 _2rdacarrier
_avolumen
_bnc